| 000 | 00820cam a2200241 a 4500 | ||
|---|---|---|---|
| 001 | 12728084 | ||
| 003 | NUST - PNEC | ||
| 005 | 20170116181139.0 | ||
| 008 | 020402s2003 maua b 001 0 eng | ||
| 010 | _a 2002067852 | ||
| 020 | _a0071006656 | ||
| 040 | _cLIBRARY | ||
| 050 | 0 | 0 |
_aQA911 _b.A6 2003 |
| 082 | 0 | 0 |
_a629.132323 AND _221 |
| 100 | 1 | _aAnderson, John D., | |
| 245 | 1 | 0 |
_aModern compressible flow : with historical perspective / _cJohn D. Anderson, Jr. |
| 250 | _a2nd ed. | ||
| 300 |
_axvi, 760 p. : _bill. ; _c25 cm. |
||
| 650 | 0 |
_aFluid dynamics. _xME |
|
| 906 |
_a7 _bcbc _corignew _d1 _eocip _f20 _gy-gencatlg |
||
| 942 |
_2ddc _cBK |
||
| 999 |
_c70423 _d70423 |
||